Passionate leadership in education / (Record no. 1049)
| 000 -LEADER | |
|---|---|
| fixed length control field | 01385cam a2200301 a 4500 |
| 001 - CONTROL NUMBER | |
| control field | 15643530 |
| 003 - CONTROL NUMBER IDENTIFIER | |
| control field | OSt |
| 005 - DATE AND TIME OF LATEST TRANSACTION | |
| control field | 20140116120844.0 |
| 008 - FIXED-LENGTH DATA ELEMENTS--GENERAL INFORMATION | |
| fixed length control field | 090302s2008 caua b 001 0 eng |
| 010 ## - LIBRARY OF CONGRESS CONTROL NUMBER | |
| LC control number | 2009293601 |
| 020 ## - INTERNATIONAL STANDARD BOOK NUMBER | |
| International Standard Book Number | 9781412948616 |
| 020 ## - INTERNATIONAL STANDARD BOOK NUMBER | |
| International Standard Book Number | 9781412948623 (pbk) |
| 040 ## - CATALOGING SOURCE | |
| Original cataloging agency | DLC |
| Transcribing agency | DLC |
| Modifying agency | DLC |
| 050 00 - LIBRARY OF CONGRESS CALL NUMBER | |
| Classification number | LB2805.P324 2008 |
| 082 00 - DEWEY DECIMAL CLASSIFICATION NUMBER | |
| Classification number | 371.2/011 |
| Edition number | 22 |
| 245 00 - TITLE STATEMENT | |
| Title | Passionate leadership in education / |
| Statement of responsibility, etc | edited by Brent Davies and Tim Brighouse. |
| 260 ## - PUBLICATION, DISTRIBUTION, ETC. (IMPRINT) | |
| Place of publication, distribution, etc | Los Angeles : |
| Name of publisher, distributor, etc | SAGE, |
| Date of publication, distribution, etc | 2008. |
| 300 ## - PHYSICAL DESCRIPTION | |
| Extent | xiii, 210 p. : |
| Other physical details | ill. ; |
| Dimensions | 25 cm. |
| 504 ## - BIBLIOGRAPHY, ETC. NOTE | |
| Bibliography, etc | Includes bibliographical references and index. |
| 505 ## - FORMATTED CONTENTS NOTE | |
| Formatted contents note | core ideas about passionate teachers and the passionate leader in the passionate school---Inviting passionate educational leadership---"Reservoirs of hope": sustaining passion in leadership---Successful leadership: an intelligent passion---passionate leadership in action---Not so much a passion, more way of life---The emotional geographies of educational leadership---Passionate work: towards a natural history of headship---Enchanted leadership. |
| 650 #0 - SUBJECT ADDED ENTRY--TOPICAL TERM | |
| Topical term or geographic name as entry element | Educational leadership. |
| 650 #0 - SUBJECT ADDED ENTRY--TOPICAL TERM | |
| Topical term or geographic name as entry element | School management and organization. |
| 700 1# - ADDED ENTRY--PERSONAL NAME | |
| Personal name | Davies, Brent, |
| Dates associated with a name | 1949- |
| 700 1# - ADDED ENTRY--PERSONAL NAME | |
| Personal name | Brighouse, Tim. |
| 906 ## - LOCAL DATA ELEMENT F, LDF (RLIN) | |
| a | 7 |
| b | cbc |
| c | orignew |
| d | 4 |
| e | ncip |
| f | 20 |
| g | y-gencatlg |
| 942 ## - ADDED ENTRY ELEMENTS (KOHA) | |
| Source of classification or shelving scheme | |
| Koha item type | Book |
| Withdrawn status | Lost status | Source of classification or shelving scheme | Damaged status | Not for loan | Home library | Current library | Date acquired | Total Checkouts | Full call number | Barcode | Date last seen | Copy number | Price effective from | Koha item type |
|---|---|---|---|---|---|---|---|---|---|---|---|---|---|---|
| Riara University Library | Riara University Library | 30/11/2012 | LB2805.P324 2008 | 3613/12 | 30/11/2012 | C.1 | 30/11/2012 | Book | ||||||
| Riara University Library | Riara University Library | 30/11/2012 | LB2805.P324 2008 | 3614/12 | 30/11/2012 | C.2 | 30/11/2012 | Book | ||||||
| Riara University Library | Riara University Library | 30/11/2012 | LB2805.P324 2008 | 3615/12 | 30/11/2012 | C.3 | 30/11/2012 | Book |
